000
00263nam a22001097a 4500
082
_a
355.02 CHU'S
100
_a
CHURCHILL, RANDOLPH S,CHURCHILL, WINSTON S
_9
76941
245
_a
THE SIX DAY WAR
260
_a
LONDON
_b
HEINEMAN
_c
1968
300
_a
250P
942
_c
BK
999
_c
582253
_d
582253